Viikonpäivät espanjaksi - Statistics

Yleistilastot
  • Tätä visaa on pelattu 63 kertaa
  • Keskiarvotulos 5 / 7
Vastaustilastot
Viikonpäivät % Oikein
Lunes
90%
Domingo
88%
Martes
88%
Miércoles
80%
Sábado
73%
Jueves
61%
Viernes
61%
Ehtoja vastaavia visoja ei löytynyt
Tulosjakauma
Jokaisen tuloksen saaneiden osuus
Persentiili vastausten määrän mukaan
Tuloshistoriasi
Et ole pelannut tätä visaa